| 000 | 01473cam a2200361 a 4500 | ||
|---|---|---|---|
| 999 |
_c63 _d63 |
||
| 001 | 16430024 | ||
| 003 | GZU | ||
| 005 | 20210511112136.0 | ||
| 008 | 100823s2009 sa a b 001 0 eng d | ||
| 010 | _a 2010286171 | ||
| 020 | _a9780195988376 | ||
| 020 | _a019598837X | ||
| 035 | _a(OCoLC)ocn431261149 | ||
| 040 |
_aOI@ _cOI@ _dYDXCP _dBWX _dERE _dDLC |
||
| 042 | _alccopycat | ||
| 050 | 0 | 0 |
_aHF5548.8 _bPSY 2014 |
| 245 | 0 | 0 |
_aPsychology in the work context / _c[edited by] Ziel C. Bergh and Dirk Geldenhuys |
| 250 | _a5th ed. | ||
| 260 |
_aCape Town : _bOxford University Press Southern Africa ; _aNew York : _bOxford University Press, _c2014. |
||
| 300 |
_axix, 594 p. : _bill. ; _c28 cm. |
||
| 500 | _aIncludes bibliographical references and index. | ||
| 504 | _aIncludes bibliographical references and index. | ||
| 650 | 0 | _aPsychology, Industrial. | |
| 650 | 0 |
_aWork _xPsychological aspects. |
|
| 650 | 0 | _aOrganizational behavior. | |
| 700 | 1 |
_aBergh, Ziel C. _eeditor |
|
| 856 | 4 | 2 |
_3Contributor biographical information _uhttp://www.loc.gov/catdir/enhancements/fy1013/2010286171-b.html |
| 856 | 4 | 2 |
_3Publisher description _uhttp://www.loc.gov/catdir/enhancements/fy1013/2010286171-d.html |
| 856 | 4 | 1 |
_3Table of contents only _uhttp://www.loc.gov/catdir/enhancements/fy1013/2010286171-t.html |
| 906 |
_a7 _bcbc _ccopycat _d3 _encip _f20 _gy-gencatlg |
||
| 942 |
_2lcc _cBK _e5th ed. _h5548.8 _iPSY _kHF |
||